Online
Catalog

Reconocimiento al gobierno del honorable presidente Trujillo por su ayuda al esfuerzo de guerra aliado. (Record no. 8360)

MARC details
000 -CABECERA
campo de control de longitud fija 01675nam a2200241 a 4500
001 - NÚMERO DE CONTROL
campo de control 000008590
005 - FECHA Y HORA DE LA ÚLTIMA TRANSACCIÓN
campo de control 20210203203406.0
008 - DATOS DE LONGITUD FIJA--INFORMACIÓN GENERAL
campo de control de longitud fija 090917t1943 dr r 010 0 spa d
040 ## - FUENTE DE LA CATALOGACIÓN
Centro catalogador/agencia de origen DO-SdBNP
Lengua de catalogación spa
Centro/agencia transcriptor BNPHU
041 17 - CÓDIGO DE LENGUA
Código de lengua del texto/banda sonora o título independiente spa
Fuente del código eng
Código de lengua original fre
082 ## - NÚMERO DE LA CLASIFICACIÓN DECIMAL DEWEY
Número de clasificación F-RD 40
245 00 - MENCIÓN DE TÍTULO
Título Reconocimiento al gobierno del honorable presidente Trujillo por su ayuda al esfuerzo de guerra aliado.
246 10 - FORMA VARIANTE DE TÍTULO
Título propio/Titulo breve Gratitude to the goverment of the honorable president Trujillo for its support to the allied war effort.
246 10 - FORMA VARIANTE DE TÍTULO
Título propio/Titulo breve Reconnaissance au governement de lʻHonorable Président Trujillo pour son assistance dans lʻEffort de guerre allié.
260 ## - PUBLICACIÓN, DISTRIBUCIÓN, ETC.
Lugar de publicación, distribución, etc. Ciudad Trujillo, República Dominicana :
Nombre del editor, distribuidor, etc. La Nación,
Fecha de publicación, distribución, etc. 1943.
300 ## - DESCRIPCIÓN FÍSICA
Extensión [26 p.] ;
Dimensiones 25 cm.
505 0# - NOTA DE CONTENIDO CON FORMATO
Título Carta del Honorable Presidente Roosevelt, de Estados Unidos de América, al Honorable Presidente Trujillo, de la República Dominicana, junio 15 1942 --
-- Letter from the Honorable President Roosevelt, of the United States of America, to the honorable President Trujillo, of the Dominican Republic --
-- Lettre de lʻHonorable Président Roosevelt, des Etats Unis dʻAmerique, a lʻ Honorable Président Trujillo, de la République Dominicaine.
600 10 - PUNTO DE ACCESO ADICIONAL DE MATERIA--NOMBRE DE PERSONA
Nombre de persona Trujillo Molina, Rafael Leónidas,
Fechas asociadas al nombre 1891-1961
Subdivisión de forma Correspondencias, memorias, etc.
9 (RLIN) 54950
651 #4 - PUNTO DE ACCESO ADICIONAL DE MATERIA--NOMBRE GEOGRÁFICO
Nombre geográfico República Dominicana
Subdivisión general Relaciones Exteriores
Subdivisión geográfica Estados Unidos
Subdivisión general Correspondencia, Memorias Etc.
9 (RLIN) 23006
651 #4 - PUNTO DE ACCESO ADICIONAL DE MATERIA--NOMBRE GEOGRÁFICO
Nombre geográfico Estados Unidos
Subdivisión general Relaciones Exteriores
Subdivisión geográfica República Dominicana
Subdivisión general Correspondencia, Memorias Etc.
9 (RLIN) 23007
651 #4 - PUNTO DE ACCESO ADICIONAL DE MATERIA--NOMBRE GEOGRÁFICO
Nombre geográfico República Dominicana
Subdivisión general Política Y Gobierno
Subdivisión cronológica ERA DE TRUJILLO, 1930-1961
9 (RLIN) 1374
910 ## - DATOS DE OPCIÓN DEL USUARIO (OCLC)
Datos de opción del usuario Validado. Control de calidad. EMS
Holdings
Estado de retiro Estado de pérdida Restricciones de uso No para préstamo Código de colección Localización permanente Ubicación/localización actual Ubicación en estantería Fecha de adquisición Número de inventario Total de préstamos Signatura topográfica completa Código de barras Fecha visto por última vez Precio válido a partir de Tipo de ítem Koha Número de copia
      Excluido de préstamo Raros y valiosos Patrimonio Dominicano Patrimonio Dominicano Depósito 17.09.2009 LF1   F-RD 40 8590-10 25.06.2020 25.06.2020 No se presta  
      Excluido de préstamo Raros y valiosos Patrimonio Dominicano Patrimonio Dominicano Depósito 12.04.2011 LF1   F-RD 40 8590-20 25.06.2020 25.06.2020 No se presta e. 2

Powered by Koha